|
|
|
|
| LEADER |
01062nam a2200277 u 4500 |
| 001 |
10096255 |
| 003 |
upatras |
| 005 |
20210117203154.0 |
| 008 |
120216s2010 us eng |
| 020 |
|
|
|a 9781441912954
|
| 040 |
|
|
|a GR-PaULI
|c GR-PaULI
|
| 041 |
0 |
|
|a eng
|
| 100 |
1 |
|
|a Aksoy, Asuman G.
|4 aut
|9 97959
|
| 245 |
1 |
0 |
|a A problem book in real analysis
|c Asuman G. Aksoy, Mohammed A. Khamsi
|
| 260 |
|
|
|a New York
|b Springer
|c 2010
|
| 300 |
|
|
|a x, 254 p.
|b fig.
|c 26 cm.
|
| 490 |
0 |
|
|a Problem books in mathematics
|
| 504 |
|
|
|a Includes bibliography and index
|
| 650 |
|
4 |
|a Μαθηματική ανάλυση
|9 129
|
| 700 |
1 |
|
|a Khamsi, Mohamed A.
|4 aut
|9 97960
|
| 760 |
0 |
|
|a Problem books in mathematics
|
| 852 |
|
|
|a GR-PaULI
|b ΠΑΤΡΑ
|b ΒΚΠ
|b ΒΣ1
|k ΑΣΧΞ
|h 515 AKS
|m 108412
|p 025000205586
|t 1
|
| 942 |
|
|
|2 ddc
|c BK15
|
| 952 |
|
|
|0 0
|1 0
|4 0
|6 515_000000000000000_AKS
|7 0
|9 107261
|a LISP
|b LISP
|c BSC
|d 2016-04-24
|i 108412
|l 6
|m 3
|o 515 AKS
|p 025000205586
|r 2020-01-14 00:00:00
|s 2019-11-19
|t 1
|w 2016-04-24
|y BK15
|
| 998 |
|
|
|c ΑΒΑΚΟΜΙΔΗ
|d 2012-02
|
| 999 |
|
|
|c 72150
|d 72150
|